000 00896nam a22002417a 4500
999 _c5431
_d5431
003 AR-CdUCM
008 190312b ||||| |||| 00| 0 spa d
040 _aMUNICIPALIDAD PROVINCIAL DEL CUSCO
_cBIBLIOTECA MUNICIPAL DEL CUSCO
082 _23ed.
_a160 /
_bG78
100 _aGrau, Kurt Joachim
_916354
245 _aLógica /
260 _aMéxico :
_bEditora Nacional ;
_c1967.
300 _a186 páginas ;
_c17cm
505 _aContenido: Teoría del concepto -- Teoría del juicio --Teoría de la inferencia -- Teoría del proceso de la investigación científica -- Teoría de la demostración científica.
650 _aJuicios
_97111
650 _aTeoría lógica
_916355
650 _aInferencia deductiva
_916356
650 _aSistema lógico
_916357
650 _aExperimentación
_916358
700 _aMiral, Domingo (traducción)
_916359
942 _2ddc
_cLIBROS
945 _anom